<?xml version='1.0' encoding='UTF-8'?>
  <record xmlns="http://www.loc.gov/MARC21/slim">
    <leader>00000ctm a22000007i 4500</leader>
    <controlfield tag="001">ocn905088769</controlfield>
    <controlfield tag="003">OCoLC</controlfield>
    <controlfield tag="005">20250304024239.8</controlfield>
    <controlfield tag="008">150318s1807    ne            000 i fre d</controlfield>
    <datafield tag="040" ind1=" " ind2=" ">
      <subfield code="a">NLGGC</subfield>
      <subfield code="b">dut</subfield>
      <subfield code="e">fobidrtb</subfield>
      <subfield code="c">NLGGC</subfield>
      <subfield code="d">QGJ</subfield>
      <subfield code="d">OCLCA</subfield>
      <subfield code="d">OCLCO</subfield>
      <subfield code="d">OCLCL</subfield>
      <subfield code="d">OCLCQ</subfield>
    </datafield>
    <datafield tag="029" ind1="0" ind2=" ">
      <subfield code="a">NLGGC</subfield>
      <subfield code="b">391601059</subfield>
    </datafield>
    <datafield tag="035" ind1=" " ind2=" ">
      <subfield code="a">(OCoLC)905088769</subfield>
    </datafield>
    <datafield tag="100" ind1="1" ind2=" ">
      <subfield code="a">Bleuland, J.</subfield>
      <subfield code="q">(Janus),</subfield>
      <subfield code="d">1756-1838.</subfield>
      <subfield code="4">crp</subfield>
      <subfield code="1">https://id.oclc.org/worldcat/entity/E39PBJckKbHQ988VTHQBjfryVC</subfield>
    </datafield>
    <datafield tag="245" ind1="1" ind2="0">
      <subfield code="a">Brief van J. Bleuland (1756-1838) aan M: de Sénégra, Grand Maitre de la Maison du Roi (1774-1841)</subfield>
      <subfield code="f">Hs 31 A 9.</subfield>
    </datafield>
    <datafield tag="260" ind1=" " ind2=" ">
      <subfield code="a">Utrecht,</subfield>
      <subfield code="c">1807.</subfield>
    </datafield>
    <datafield tag="300" ind1=" " ind2=" ">
      <subfield code="a">1 br.</subfield>
    </datafield>
    <datafield tag="336" ind1=" " ind2=" ">
      <subfield code="a">tekst</subfield>
      <subfield code="b">txt</subfield>
      <subfield code="2">rdacontent/dut</subfield>
    </datafield>
    <datafield tag="337" ind1=" " ind2=" ">
      <subfield code="a">zonder medium</subfield>
      <subfield code="b">n</subfield>
      <subfield code="2">rdamedia/dut</subfield>
    </datafield>
    <datafield tag="338" ind1=" " ind2=" ">
      <subfield code="a">vel</subfield>
      <subfield code="b">nb</subfield>
      <subfield code="2">rdacarrier/dut</subfield>
    </datafield>
    <datafield tag="524" ind1="8" ind2=" ">
      <subfield code="a">Te citeren als: Universiteitsbibliotheek Utrecht Hs. 31 A 9.</subfield>
    </datafield>
    <datafield tag="541" ind1=" " ind2=" ">
      <subfield code="a">ntiquariaat A.G. van der Steur, Haarlem;</subfield>
      <subfield code="c">Gekocht;</subfield>
      <subfield code="d">201502;</subfield>
      <subfield code="e">M. 13.542;</subfield>
      <subfield code="h">€ 75,--</subfield>
    </datafield>
    <datafield tag="562" ind1=" " ind2=" ">
      <subfield code="3">Utrecht. UB copy</subfield>
      <subfield code="b">Hs 31 A 9.</subfield>
    </datafield>
    <datafield tag="700" ind1="1" ind2=" ">
      <subfield code="a">Alichoux de Sénégra, Gabriel d',</subfield>
      <subfield code="d">1774-1841.</subfield>
      <subfield code="4">rcp</subfield>
      <subfield code="1">https://id.oclc.org/worldcat/entity/E39PCjFwGVY6k37R4dfj8GM4G3</subfield>
    </datafield>
    <datafield tag="758" ind1=" " ind2=" ">
      <subfield code="a">Hs 31 A 9 Brief van J. Bleuland (1756-1838) aan M: de Sénégra, Grand Maitre de la Maison du Roi (1774-1841) (Text)</subfield>
      <subfield code="1">https://id.oclc.org/worldcat/entity/E39PCGK6Y6qjpTB9ByYKG8x6mm</subfield>
      <subfield code="4">https://id.oclc.org/worldcat/ontology/hasWork</subfield>
    </datafield>
    <datafield tag="856" ind1="4" ind2="1">
      <subfield code="u">http://objects.library.uu.nl/reader/resolver.php?obj=002655333&amp;type=2</subfield>
      <subfield code="x">Online</subfield>
      <subfield code="z">Full Text</subfield>
    </datafield>
    <datafield tag="936" ind1=" " ind2=" ">
      <subfield code="a">BATCHLOAD</subfield>
    </datafield>
  </record>